000 00694nam a2200229 i 4500
001 C2-0233877
003 PPAK
005 20180727194532.0
008 010617s1985 si a|||| ||||| | eng d
040 _aPPAK
_beng
_cPPAK
_erda
082 0 4 _a720.284
_223
090 0 0 _a720.284
_bARC
_dKSF
245 0 0 _aArchitecture journal - 1985
264 1 _aSingapore :
_bSchool of Architecture, National University of Singapore ,
_c1985
300 _a88 pages :
_billustrations ;
_c26 cm
336 _2rdacontent
_atext
337 _2rdamedia
_aunmediated
338 _2rdacarrier
_avolume
650 1 0 _aArchitecture rendering
700 1 _aLo, Ching Ning ; Sabapathy, T.K.,
_eeditor
942 _ddc
_cB
999 _c50281
_d50281